| 000 | 00620nam a22001937a 4500 | ||
|---|---|---|---|
| 008 | 130821s1932 fr gr fre | ||
| 040 |
_aCo-BoUCM _bspa |
||
| 041 | 0 | 0 | _afre |
| 100 |
_aGide, André _d1869-1951 _998834 |
||
| 245 | 0 | 0 |
_aLes nourritures terrestres _cAndre Gide |
| 260 |
_aParís (Francia) _bLibrairie Gallimard _c1932 |
||
| 300 | _a190 páginas | ||
| 650 | 0 | 4 |
_aIndividualidad _917357 |
| 650 | 0 | 4 |
_aIndividualismo _917358 |
| 650 | 0 | 4 |
_aPoesía francesa _921811 |
| 650 | 0 | 4 |
_aValores (Filosofía) _926079 |
| 942 |
_cLIBRO _a18 _e1 _mG43 _n0 _2DEWEY _h808.81 |
||
| 999 |
_c87247 _d87247 |
||